000 02616nam0a2200397 4500
001 RU\NLR\bibl\309735
005 20260407080002.0
010 _a5-86857-017-0
_9300
021 _aRU
_b2002-25622
_91279
035 _a(NLR Aleph) 000304876
090 _a12355
_c12355
100 _a20020911d2002 |||y0rusy50 ca
101 0 _arus
102 _aRU
105 _ay |||||||||
200 1 _aПравовые акты Межпарламентской ассамблеи Евразийского экономического сообщества как средство сближения и унификации систем национальных законодательств
_eМатериалы междунар. науч.-практ. семинара, 29 янв. 2002 г.
_eСб. ст.
_fПод ред. А. П. Войтовича
210 _aСПб.
_cСекретариат Совета Межпарламент. ассамблеи государств-участников Содружества Независимых Государств
_d2002
215 _a68, [1] с.
_d20
300 _aВ надзаг.: Межпарламент. ассамблея Евразийс. экон. сообщества
601 0 2 _aЕвразийское экономическое сообщество
_jСъезды, совещания и т.п.
_xПравовые вопросы
_92231207
_3RU\NLR\auth\661339183
610 0 _aЕвразийское экономическое сообщество - Правотворчество
675 _a341.241(082)
_v3
_zrus
686 _a10.87
_2rugasnti
686 _a67.412.1
_2rubbk
686 _aХ915.22(2)1я431
702 1 _aВойтович
_bА. П.
_4340
711 1 2 _a"Правовые акты Межпарламентской ассамблеи Евразийского экономического сообщества как средство сближения и унификации систем национальных законодательств", международный научно-практический семинар
_f2002
_eСанкт-Петербург
_3RU\NLR\AUTH\8810040263
_9579603
712 0 2 _4570
_aСНГ
_bМежпарламентская ассамблея
_bСовет
_bСекретариат
_cСанкт-Петербург
_9872829
_3RU\NLR\AUTH\880600978
801 0 _aRU
_bRKP
_c20020911
_gPSBO
801 1 _aRU
_bRKP
_c20020911
801 2 _aRU
_bNLR
_c20021028
_grcr
942 _cBOOK
980 _aNB